000 00414 a2200145 4500
005 20250320143448.0
020 _a0-07-557411-X
082 _a515 BUR
100 _aBURGMEIER, J.W.
245 _aBrief Calculus with Application
260 _aNew York
_bMcGraw-Hill Publishing Company
_c1990
300 _axvi,447p., ill., pictures, tables,
_bIndex,
_c26cm.
700 _aBOISEN, M.B. & LARSEN, M.D.
942 _2ddc
_cBKS
999 _c1031
_d1031